000 00401nam a2200157Ia 4500
008 210716s1997 xx 000 0 und d
020 _a8120310888
041 _aeng
082 _a005.2 SOCJ
100 _aSocha, John; Norton, Peter.
245 _aAssembly language for the PC.
250 _a3
260 _aNew Delhi
_bPrentice Hall of India PVt Ltd.
_c1997
300 _axx,644
650 _aNone
999 _c183417
_d183417